000 01045nam2a22002531 4500
001 rc\197489
005 20250612181858.0
010 _a5-85116-005-5
_925000
035 _a(NLR Aleph) 008776724
090 _a7957284
_c7957284
100 _a20030307d1993 |||y0rusy50 ca
101 0 _arus
102 _aRU
105 _aa |||||||||
200 1 _aКонсуэло
_e[Роман]
_eГл. 1-60
_f[Пер. А. Бекетовой]
210 _d1993
_aБ. м.
215 _a379, [2] с.
_cил.
461 0 _1001rc\197488
_12001#$aИзбранные произведения$eВ 5 т.$fЖорж Санд$g[Примеч. Л. Генина$gХудож. Д. Титов]$vТ. 1
_1700#1$aСанд$bЖ.$gЖорж$f1804-1876
_97809467
_aСанд, Ж. (1804-1876)
_cСПб.
_d1993-
_fЖорж Санд
_nФерт
_oВ 5 т.
_tИзбранные произведения
_y5851160101
_vТ. 1
604 1 _150010$aКонсуэло$2psbo
_tКонсуэло
801 0 _aRU
_bNLR
_gpsbo
801 1 _aRU
_bELAR
_2rusmarc
852 _aNLR
_j93-3/2761
942 _cBOOK
980 _aNB